Kontrastive Analyse der Phraseologismen und Metaphern: deutsch (BRD) - slowakisch

Stručný prehľad politického systému, hospodárstva a kultúry Spolkovej republiky Nemecko. Metaforická konceptualizácia politiky, ekonómie a kultúry v novinách. Vybrané príklady tejto kontrastívnej lingvistickej analýzy z rôznych sociálnych oblastí poukazujúce na veľkú rozmanitosť politiky, ekonomiky,...

Ausführliche Beschreibung

Gespeichert in:
Bibliographische Detailangaben
1. Verfasser: Adamcová, Lívia
Format: Buchkapitel
Sprache:Deutsch
Slowakisch
Schlagworte:
Tags: Tag hinzufügen
Keine Tags, Fügen Sie das erste Tag hinzu!

MARC

LEADER 00000naa$a2200000$$$4500
001 0236094
005 20240502083629.3
041 0 |a ger 
041 0 |a slo 
044 |a DE 
245 1 0 |a Kontrastive Analyse der Phraseologismen und Metaphern: deutsch (BRD) - slowakisch  |c Lívia Adamcová 
520 |a Stručný prehľad politického systému, hospodárstva a kultúry Spolkovej republiky Nemecko. Metaforická konceptualizácia politiky, ekonómie a kultúry v novinách. Vybrané príklady tejto kontrastívnej lingvistickej analýzy z rôznych sociálnych oblastí poukazujúce na veľkú rozmanitosť politiky, ekonomiky, kultúry a vysoký podiel frazeologizmov. V empirickej časti bolo lingvisticky analyzovaných a realizovaných celkom 91 rôznych frazeologizmov a metafor. 
610 2 0 |a analýza komparatívna 
610 2 0 |a Nemecko 
610 2 0 |a nemčina 
610 2 0 |a slovenčina 
610 2 0 |a frazeológia 
610 2 0 |a politika 
610 2 0 |a noviny 
100 1 |a Adamcová, Lívia